00609nam a2200205Ia 450000500170000000800460001703700120006304000210007504100130009608400230010910000180013224500190015026000400016930000100020936500120021965000150023194200230024699900210026995201130029020250508152307.0008 250505s9999 xx 000 0 hin d aTextual aFEDL bengcFEDL ahin2hin a150.195, FREqFEDL aFreud Sigmund 0aManovishleshan aDelhi, IndiabRajpal and Sonsc1958 a414p. aINRb10 aPsychology cTEXLh150.195, FRE c1335550d1335550 00104070aFEDLbFEDLd2025-05-08g10.00l0o150.195, FREpEL0017434r2025-05-08 15:23:07w2025-05-08yTEXL